000 00606nai a2200181Ia 4500
003 IN-BaIIA
008 211028c9999 xx s 000 0 eng d
022 _a0923-2958 (Print)
022 _a1572-9478 (Online)
040 _cIIA Library
245 0 _aCelestial Mechanics and Dynamical Astronomy
_h[eJournal]
260 _aDordrecht, Netherlands
_bSpringer Netherlands
310 _aMonthly
362 _a67(1); 1997- Present
521 _bSubscribed through National Knowledge Resource Consortium (NKRC)
856 _uhttps://www.springer.com/journal/10569
_yClick Here to Access eJournal
942 _cEJ
999 _c34148
_d34148